Experiencia colombiana en la cofinanciación y puesta en marcha de los proyectos de transporte urbano / (Registro nro. 30530)

Detalles MARC
000 -CABECERA
campo de control de longitud fija 00895nam a22002057a 4500
008 - CÓDIGOS DE INFORMACIÓN DE LONGITUD FIJA
fixed length control field 240208s2011 ck a grt f000 0 spa d
020 ## - NÚMERO INTERNACIONAL NORMALIZADO PARA LIBROS
ISBN 9789589266892
037 ## - SOURCE OF ACQUISITION
Materials specified Donación
040 ## - Fuente de catalogación
Agencia original de catalogación CO-JMCR
Agencia de transcripción CO-JMCR
Agencia de modificación CO-JMCR
Convenciones de descripción rda
Lenguaje de catalogación spa
041 ## - CÓDIGO DE LENGUA
Código idioma spa
082 ## - NÚMERO DE LA CLASIFICACIÓN DECIMAL DEWEY
Edition number 23
Número de clasificación Decimal 332.6
Número de documento (Cutter) H11e
110 ## - NOMBRE CORPORATIVO
Nombre de entidad corporativa Colombia. Ministerio de hacienda y crédito publico ,
Relator term autor
9 (RLIN) 7620
245 ## - TÍTULO PROPIAMENTE DICHO
Título Experiencia colombiana en la cofinanciación y puesta en marcha de los proyectos de transporte urbano /
Mención de responsabilidad, etc. editado por Maria cristina pardo salinas, Marcela Andrea Gomez Martínez y Jesús Manuel Rodriguez Muñoz.
260 ## - PUBLICACIÓN, DISTRIBUCIÓN, ETC. (PIE DE IMPRENTA)
Lugar de publicación, distribución, etc. Bogotá :
Nombre del editor, distribuidor, etc. Ministerio ,
Fecha de publicación, distribución, etc. 2011
300 ## - DESCRIPCIÓN FÍSICA
Extensión 60 páginas :
Otros detalles físicos Incluye tablas y gráficos en color ;
Dimensiones 23 cm.
650 ## - TÉRMINO DE MATERIA
9 (RLIN) 43272
650 ## - TÉRMINO DE MATERIA
9 (RLIN) 43273
650 ## - TÉRMINO DE MATERIA
9 (RLIN) 43274
Existencias
Withdrawn status Lost status Damaged status Not for loan Home library Current library Shelving location Date acquired Source of acquisition Total Checkouts Full call number Barcode Date last seen Date last checked out Copy number Price effective from Koha item type Public note
        Biblioteca Pública José María del Castillo y Rada Biblioteca Pública José María del Castillo y Rada General Stacks 10/26/2023 Donación 1 332.6 H11e 201812239 07/22/2024 07/22/2024 Ej. 1 02/08/2024 Books Contiene marcas de resaltador